Eastern Utah Libraries Catalog: Duchesne, Heber, Roosevelt, & Vernal

The answer man (Record no. 275483)

MARC details
000 -LEADER
fixed length control field 03856ngm a2200757Ia 4500
001 - CONTROL NUMBER
control field ocn433655453
003 - CONTROL NUMBER IDENTIFIER
control field OCoLC
005 - DATE AND TIME OF LATEST TRANSACTION
control field 20200320185216.0
007 - PHYSICAL DESCRIPTION FIXED FIELD--GENERAL INFORMATION
fixed length control field vd cvaizq
008 - FIXED-LENGTH DATA ELEMENTS--GENERAL INFORMATION
fixed length control field 090826s2009 cau097 vleng d
020 ## - INTERNATIONAL STANDARD BOOK NUMBER
Terms of availability 15.95
024 10 - OTHER STANDARD IDENTIFIER
Standard number or code 876964002349
028 42 - PUBLISHER NUMBER
Publisher number 10234
Source Magnolia Home Entertainment
029 1# - (OCLC)
OCLC library identifier AU@
System control number 000046924984
035 ## - SYSTEM CONTROL NUMBER
System control number (OCoLC)433655453
037 ## - SOURCE OF ACQUISITION
Source of stock number/acquisition Midwest Tape
Note http://www.midwesttapes.com
040 ## - CATALOGING SOURCE
Original cataloging agency TEFMT
Transcribing agency TEFMT
Modifying agency TEFMT
-- TEF
-- GK8
-- EINCP
-- OCLCA
-- WACOL
041 1# - LANGUAGE CODE
Language code of text/sound track or separate title eng
-- spa
-- spa
Language code of original and/or intermediate translations of text eng
043 ## - GEOGRAPHIC AREA CODE
Geographic area code n-us---
049 ## - LOCAL HOLDINGS (OCLC)
Holding library WACL
050 14 - LIBRARY OF CONGRESS CALL NUMBER
Classification number PN1997.2
Item number .A57 2009
082 04 - DEWEY DECIMAL CLASSIFICATION NUMBER
Classification number 791.43/72
Edition number 22
092 ## - LOCALLY ASSIGNED DEWEY CALL NUMBER (OCLC)
Classification number DVD
Item number Ans
245 04 - TITLE STATEMENT
Title The answer man
Medium [videorecording] /
Statement of responsibility, etc Magnolia Pictures and iDeal Partners in association with 120dB Films present a Kevin Messick production ; produced by Kevin Messick and Jana Edelbaum ; written & directed by John Hindman.
250 ## - EDITION STATEMENT
Edition statement Widescreen
260 ## - PUBLICATION, DISTRIBUTION, ETC. (IMPRINT)
Place of publication, distribution, etc Los Angeles :
Name of publisher, distributor, etc Magnolia Home Entertainment,
Date of publication, distribution, etc c2009.
300 ## - PHYSICAL DESCRIPTION
Extent 1 videodisc (ca. 97 min.) :
Other physical details sd., col. ;
Dimensions 4 3/4 in.
538 ## - SYSTEM DETAILS NOTE
System details note DVD, widescreen; Dolby Digital. NTSC, Region 1.
546 ## - LANGUAGE NOTE
Language note English or dubbed Spanish dialogue, Spanish subtitles.
511 1# - PARTICIPANT OR PERFORMER NOTE
Participant or performer note Jeff Daniels, Lauren Graham, Lou Taylor Pucci, Olivia Thirlby, Kat Dennings.
508 ## - CREATION/PRODUCTION CREDITS NOTE
Creation/production credits note Director of photography, Oliver Bokelberg ; editor, Jerry Greenberg ; music, Teddy Castellucci.
521 8# - TARGET AUDIENCE NOTE
Target audience note MPAA rating: R; for language.
520 ## - SUMMARY, ETC.
Summary, etc Arlen Faber is the reclusive author of 'Me and God,' a book that has redefined spirituality for an entire generation and has been translated into over 100 languages. On the eve of the 20th anniversary of his still wildly popular book, Arlen is still sought after as the man who has all the answers. His life collides with Elizabeth, a single mom raising her seven-year-old son, and Kris, a young man fresh out of rehab who is searching for meaning. Both Elizabeth and Kris are hopeful that Arlen has the answers, but the truth is, he hasn't got a clue.
500 ## - GENERAL NOTE
General note Special features: Characters of The answer man, From concept to creation ; HDNet: a look at The Answer man; commentary with writer/director John Hindman, producer Keven Messick and Lauren Graham.
586 8# - AWARDS NOTE
Awards note Official selection, 2009 Sundance Film Festival.
650 #0 - SUBJECT ADDED ENTRY--TOPICAL TERM
Topical term or geographic name as entry element Recluses as authors
Geographic subdivision United States
Form subdivision Drama.
9 (RLIN) 5865067
650 #0 - SUBJECT ADDED ENTRY--TOPICAL TERM
Topical term or geographic name as entry element Literature
Form subdivision Translations
-- Drama.
9 (RLIN) 5865068
650 #0 - SUBJECT ADDED ENTRY--TOPICAL TERM
Topical term or geographic name as entry element God
General subdivision Knowableness
Form subdivision Drama.
9 (RLIN) 5865069
650 #0 - SUBJECT ADDED ENTRY--TOPICAL TERM
Topical term or geographic name as entry element Fathers and sons
Form subdivision Drama.
9 (RLIN) 5704996
650 #0 - SUBJECT ADDED ENTRY--TOPICAL TERM
Topical term or geographic name as entry element Single mothers
Geographic subdivision United States
Form subdivision Drama.
9 (RLIN) 5865070
650 #0 - SUBJECT ADDED ENTRY--TOPICAL TERM
Topical term or geographic name as entry element Recovering alcoholics
Form subdivision Drama.
9 (RLIN) 5696146
650 #0 - SUBJECT ADDED ENTRY--TOPICAL TERM
Topical term or geographic name as entry element Men
General subdivision Socialization
Geographic subdivision United States
Form subdivision Drama.
9 (RLIN) 5865071
650 #0 - SUBJECT ADDED ENTRY--TOPICAL TERM
Topical term or geographic name as entry element Man-woman relationships
Geographic subdivision United States
Form subdivision Drama.
9 (RLIN) 5695933
650 #7 - SUBJECT ADDED ENTRY--TOPICAL TERM
Topical term or geographic name as entry element Autores y lectores
Geographic subdivision Estados Unidos
Form subdivision Teatro.
Source of heading or term bidex
9 (RLIN) 5865072
650 #7 - SUBJECT ADDED ENTRY--TOPICAL TERM
Topical term or geographic name as entry element Literatura americana
General subdivision Traducciones
Form subdivision Teatro.
Source of heading or term bidex
9 (RLIN) 5865073
655 #0 - INDEX TERM--GENRE/FORM
Genre/form data or focus term Romantic comedy films.
9 (RLIN) 5696851
655 #0 - INDEX TERM--GENRE/FORM
Genre/form data or focus term Feature films.
9 (RLIN) 5865074
655 #0 - INDEX TERM--GENRE/FORM
Genre/form data or focus term Fiction films.
9 (RLIN) 5674705
700 1# - ADDED ENTRY--PERSONAL NAME
Personal name Messick, Kevin J.
9 (RLIN) 5865075
700 1# - ADDED ENTRY--PERSONAL NAME
Personal name Edelbaum, Jana.
9 (RLIN) 5865076
700 1# - ADDED ENTRY--PERSONAL NAME
Personal name Hindman, John.
9 (RLIN) 5865077
700 1# - ADDED ENTRY--PERSONAL NAME
Personal name Daniels, Jeff,
Dates associated with a name 1955-
9 (RLIN) 36496
700 1# - ADDED ENTRY--PERSONAL NAME
Personal name Graham, Lauren,
Dates associated with a name 1967-
9 (RLIN) 5756847
700 1# - ADDED ENTRY--PERSONAL NAME
Personal name Pucci, Lou Taylor,
Dates associated with a name 1985-
9 (RLIN) 72347
700 1# - ADDED ENTRY--PERSONAL NAME
Personal name Thirlby, Olivia,
Dates associated with a name 1986-
9 (RLIN) 5865078
700 1# - ADDED ENTRY--PERSONAL NAME
Personal name Dennings, Kat,
Dates associated with a name 1986-
9 (RLIN) 74175
700 1# - ADDED ENTRY--PERSONAL NAME
Personal name Castellucci, Teddy.
9 (RLIN) 64026
710 2# - ADDED ENTRY--CORPORATE NAME
Corporate name or jurisdiction name as entry element Magnolia Pictures (Firm)
9 (RLIN) 71060
710 2# - ADDED ENTRY--CORPORATE NAME
Corporate name or jurisdiction name as entry element Ideal Partners.
9 (RLIN) 5865079
710 2# - ADDED ENTRY--CORPORATE NAME
Corporate name or jurisdiction name as entry element 120db Films.
9 (RLIN) 5865080
710 2# - ADDED ENTRY--CORPORATE NAME
Corporate name or jurisdiction name as entry element Magnolia Home Entertainment (Firm)
9 (RLIN) 73285
942 ## - ADDED ENTRY ELEMENTS (KOHA)
Koha item type DVD
948 ## - LOCAL PROCESSING INFORMATION (OCLC); SERIES PART DESIGNATOR (RLIN)
Series part designator, SPT (RLIN) 07/02/2011
z (OCLC) Sirsi
994 ## -
-- 02
-- WACOL
996 ## -
-- 84859
-- 34301000995391
-- DVD
-- DVD
-- wcl
-- i
-- 45
-- 15.95
-- amazon
-- Ans
-- 07/08/2011
-- 07/26/2019
-- 07/18/2019
Holdings
Withdrawn status Lost status Source of classification or shelving scheme Damaged status Not for loan Collection code Home library Current library Shelving location Date acquired Source of acquisition Cost, normal purchase price Total Checkouts Total Renewals Full call number Barcode Date last seen Date checked out Cost, replacement price Price effective from Koha item type
    Dewey Decimal Classification     Movies Wasatch County Library Wasatch County Library Audio Visual Area 07/08/2011 Amazon 15.95 46 1 DVD Ans 34301000995391 03/07/2024 07/19/2022 15.95 03/20/2020 DVD
This project was made possible through a grant from the Institute of Museum and Library Service administered by the Utah State Library Division.

Wasatch County Library

  • 465 East 1200 South, Heber City, Utah 84032
  • Phone 435-654-1511 | Fax 435-654-6456

Hours

  • Monday - Friday 9:30 AM - 8:00 PM
  • Saturday 9:30 AM - 1:30 PM
  • Closed Sundays and Holidays